000 01112cad a22002295a 4500
001 E148118
008 090730s2008 xxkad f s 000 0 eng d
035 _a(Sirsi) u148118
041 0 _aeng
050 0 4 _a333.33 $2 18
110 2 _aRoyal Institution of Chartered Surveyors
_bEconomics
_95033
245 0 0 _aRICS commercial market survey
_bsecond quarter 2009
_h[electronic resource]
260 _aLondon
_bRICS
_c2009
490 0 _aRICS Commercial Market Survey United Kingdom
_vSecond Quarter 2009
520 _aReports that business demand is stabilising at low levels in offices, although availability continues to rise. Rental expectations are still negative and are lowest for Central London offices. Suggests that rising inducements continue to point to weaker occupier fundamentals.
590 _aKA
650 2 4 _aRICS COMMERCIAL MARKET SURVEY
651 4 _aUnited Kingdom
_y
690 _aPROPERTY-COMMERCIAL PROPERTY-COMMERCIAL PROPERTY MARKET
856 4 0 _uhttps://www.rics.org/site/download_feed.aspx?fileID=3324&fileExtension=PDF
_zView the report free of charge at www.rics.org
942 _n0
999 _c109889
_d109889